<?xml version="1.0" encoding="UTF-8"?>
<record
    xmlns:xsi="http://www.w3.org/2001/XMLSchema-instance"
    xsi:schemaLocation="http://www.loc.gov/MARC21/slim http://www.loc.gov/standards/marcxml/schema/MARC21slim.xsd"
    xmlns="http://www.loc.gov/MARC21/slim">

  <leader>     nam a22     7a 4500</leader>
  <datafield tag="999" ind1=" " ind2=" ">
    <subfield code="c">153062</subfield>
    <subfield code="d">153060</subfield>
  </datafield>
  <controlfield tag="005">20191122135950.0</controlfield>
  <controlfield tag="008">191121b        sp ||||| |||| 00| 0 spa d</controlfield>
  <datafield tag="020" ind1=" " ind2=" ">
    <subfield code="a">9788484329176 (Colecci&#xF3;n)</subfield>
  </datafield>
  <datafield tag="020" ind1=" " ind2=" ">
    <subfield code="a">9788484329381 (V.2)</subfield>
  </datafield>
  <datafield tag="020" ind1=" " ind2=" ">
    <subfield code="a">9788484328775 (V.3)</subfield>
  </datafield>
  <datafield tag="020" ind1=" " ind2=" ">
    <subfield code="a">9788474239669 (V.4)</subfield>
  </datafield>
  <datafield tag="020" ind1=" " ind2=" ">
    <subfield code="a">9788484322979 (V.5)</subfield>
  </datafield>
  <datafield tag="020" ind1=" " ind2=" ">
    <subfield code="a">9788484328766 (V.6)</subfield>
  </datafield>
  <datafield tag="020" ind1=" " ind2=" ">
    <subfield code="a">9788444239218 (V.7)</subfield>
  </datafield>
  <datafield tag="020" ind1=" " ind2=" ">
    <subfield code="a">9788484328780 (V.8)</subfield>
  </datafield>
  <datafield tag="020" ind1=" " ind2=" ">
    <subfield code="a">9788498920635 (V.9)</subfield>
  </datafield>
  <datafield tag="020" ind1=" " ind2=" ">
    <subfield code="a">9788484329206 (V.11)</subfield>
  </datafield>
  <datafield tag="020" ind1=" " ind2=" ">
    <subfield code="a">9788498957 (V.12)</subfield>
  </datafield>
  <datafield tag="050" ind1="0" ind2="4">
    <subfield code="a">DP12</subfield>
    <subfield code="b">H57 2010</subfield>
  </datafield>
  <datafield tag="245" ind1=" " ind2=" ">
    <subfield code="a">Historia de Espa&#xF1;a /</subfield>
    <subfield code="c">Josep Fontana y Ram&#xF3;n Villares directores</subfield>
  </datafield>
  <datafield tag="250" ind1=" " ind2=" ">
    <subfield code="a">Primera edici&#xF3;n</subfield>
  </datafield>
  <datafield tag="260" ind1=" " ind2=" ">
    <subfield code="a">Espa&#xF1;a :</subfield>
    <subfield code="b">Cr&#xED;tica :</subfield>
    <subfield code="b">Marcial Pons,</subfield>
    <subfield code="c">2010</subfield>
  </datafield>
  <datafield tag="300" ind1=" " ind2=" ">
    <subfield code="a">12 vol&#xFA;menes :</subfield>
    <subfield code="b">ilustraciones ;</subfield>
    <subfield code="c">24 cm</subfield>
  </datafield>
  <datafield tag="500" ind1=" " ind2=" ">
    <subfield code="a">Nota : La biblioteca no cuenta con el vol&#xFA;men n&#xFA;mero 10.</subfield>
  </datafield>
  <datafield tag="505" ind1=" " ind2="0">
    <subfield code="t">V.1 Antigua /</subfield>
    <subfield code="r">Domingo Pl&#xE1;cido --</subfield>
  </datafield>
  <datafield tag="505" ind1=" " ind2="0">
    <subfield code="a"> </subfield>
    <subfield code="t">V.2 &#xC9;pocas medievales /</subfield>
    <subfield code="r">Eduardo Manzano Moreno --</subfield>
  </datafield>
  <datafield tag="505" ind1=" " ind2="0">
    <subfield code="a"> </subfield>
    <subfield code="t">V.3 Monarqu&#xED;a e imperio /</subfield>
    <subfield code="r">Antonio-Miguel Bernal --</subfield>
  </datafield>
  <datafield tag="505" ind1=" " ind2="3">
    <subfield code="a"> </subfield>
    <subfield code="t">V.4  La crisis de la Monarqu&#xED;a /</subfield>
    <subfield code="r">Pablo Fern&#xE1;ndez Albaladejo --</subfield>
  </datafield>
  <datafield tag="505" ind1=" " ind2="0">
    <subfield code="a"> </subfield>
    <subfield code="t">V.5 Reformismo e ilustraci&#xF3;n /</subfield>
    <subfield code="r">Pedro Ruiz Torres --</subfield>
  </datafield>
  <datafield tag="505" ind1=" " ind2="3">
    <subfield code="a"> </subfield>
    <subfield code="t">V.6 La &#xE9;poca del liberalismo /</subfield>
    <subfield code="r">Josep Fontana --</subfield>
  </datafield>
  <datafield tag="505" ind1=" " ind2="0">
    <subfield code="a"> </subfield>
    <subfield code="t">V.7 Restauraci&#xF3;n y Dictadura /</subfield>
    <subfield code="r">Ram&#xF3;n Villares y Javier Moreno Luz&#xF3;n --</subfield>
  </datafield>
  <datafield tag="505" ind1=" " ind2="0">
    <subfield code="a"> </subfield>
    <subfield code="t">V.8 Rep&#xFA;blica y guerra civil /</subfield>
    <subfield code="r">Julian Casanova --</subfield>
  </datafield>
  <datafield tag="505" ind1=" " ind2="3">
    <subfield code="a"> </subfield>
    <subfield code="t">V.9 La dictadura de Franco /</subfield>
    <subfield code="r">Borja de Riquer --</subfield>
  </datafield>
  <datafield tag="505" ind1=" " ind2="0">
    <subfield code="a"> </subfield>
    <subfield code="t">V.11 Espa&#xF1;a y Europa /</subfield>
    <subfield code="r">Jos&#xE9; Luis Garc&#xED;a Delgado, Juan Pablo Fusi y Jos&#xE9; Manuel S&#xE1;nchez Ron --</subfield>
  </datafield>
  <datafield tag="505" ind1=" " ind2="4">
    <subfield code="t">V.12 Las historias de Espa&#xF1;a : visiones del pasado y construcci&#xF3;n de identidad /</subfield>
    <subfield code="r">Jos&#xE9; &#xC1;lvarez Junco (coord.), Gregorio de la Fuente, Carolyn Boyd y Eduard Baker.</subfield>
  </datafield>
  <datafield tag="651" ind1=" " ind2="7">
    <subfield code="2">lemb</subfield>
    <subfield code="a">Espa&#xF1;a</subfield>
    <subfield code="x">Historia</subfield>
  </datafield>
  <datafield tag="700" ind1="1" ind2=" ">
    <subfield code="a">Fontana, Josep</subfield>
    <subfield code="e">autor y director</subfield>
  </datafield>
  <datafield tag="700" ind1="1" ind2=" ">
    <subfield code="a">Villares, Ram&#xF3;n</subfield>
    <subfield code="e">autor y director</subfield>
  </datafield>
  <datafield tag="700" ind1="1" ind2=" ">
    <subfield code="a">Pl&#xE1;cido, Domingo</subfield>
    <subfield code="e">autor</subfield>
  </datafield>
  <datafield tag="700" ind1="1" ind2=" ">
    <subfield code="a">Manzano Moreno, Eduardo</subfield>
    <subfield code="e">autor</subfield>
  </datafield>
  <datafield tag="700" ind1="1" ind2=" ">
    <subfield code="a">Bernal, Antonio-Miguel</subfield>
    <subfield code="e">autor</subfield>
  </datafield>
  <datafield tag="700" ind1="1" ind2=" ">
    <subfield code="a">Fern&#xE1;ndez Albaladejo, Pablo</subfield>
    <subfield code="e">autor</subfield>
  </datafield>
  <datafield tag="700" ind1="1" ind2=" ">
    <subfield code="a">Ruiz Torres, Pedro</subfield>
    <subfield code="e">autor</subfield>
  </datafield>
  <datafield tag="700" ind1="1" ind2=" ">
    <subfield code="a">Moreno Luz&#xF3;n, ]Javier</subfield>
    <subfield code="e">autor</subfield>
  </datafield>
  <datafield tag="700" ind1="1" ind2=" ">
    <subfield code="a">Casanova, Juli&#xE1;n</subfield>
    <subfield code="e">autor</subfield>
  </datafield>
  <datafield tag="700" ind1="1" ind2=" ">
    <subfield code="a">Riquer, Borja de,</subfield>
    <subfield code="e">autor</subfield>
  </datafield>
  <datafield tag="700" ind1="1" ind2=" ">
    <subfield code="a">Garc&#xED;a Delgado, Jos&#xE9; Luis</subfield>
    <subfield code="e">autor</subfield>
  </datafield>
  <datafield tag="700" ind1="1" ind2=" ">
    <subfield code="a">Fusi, Juan Pablo </subfield>
    <subfield code="e">autor</subfield>
  </datafield>
  <datafield tag="700" ind1="1" ind2=" ">
    <subfield code="a">S&#xE1;nchez Ron, Jos&#xE9; Manuel</subfield>
    <subfield code="e">autor</subfield>
  </datafield>
  <datafield tag="700" ind1="1" ind2=" ">
    <subfield code="a">&#xC1;lvarez Junco, Jos&#xE9;</subfield>
    <subfield code="e">Coordinador</subfield>
  </datafield>
  <datafield tag="700" ind1="1" ind2=" ">
    <subfield code="a">Fuente, Gregorio de la,</subfield>
    <subfield code="e">autor</subfield>
  </datafield>
  <datafield tag="700" ind1="1" ind2=" ">
    <subfield code="a">Body, Carolyn</subfield>
    <subfield code="e">autor</subfield>
  </datafield>
  <datafield tag="700" ind1="1" ind2=" ">
    <subfield code="a">Baker, Gregorio</subfield>
    <subfield code="e">autor</subfield>
  </datafield>
  <datafield tag="942" ind1=" " ind2=" ">
    <subfield code="2">lcc</subfield>
    <subfield code="c">LIB</subfield>
  </datafield>
  <datafield tag="952" ind1=" " ind2=" ">
    <subfield code="1">0</subfield>
    <subfield code="2">lcc</subfield>
    <subfield code="4">0</subfield>
    <subfield code="7">0</subfield>
    <subfield code="a">INV-033</subfield>
    <subfield code="b">INV-033</subfield>
    <subfield code="c">GENERAL</subfield>
    <subfield code="d">2019-11-21</subfield>
    <subfield code="k">CSA</subfield>
    <subfield code="o">DP12 H57 [2010] V.1</subfield>
    <subfield code="p">IIH000029513</subfield>
    <subfield code="r">2019-11-21 00:00:00</subfield>
    <subfield code="t">C:1</subfield>
    <subfield code="v">1.00</subfield>
    <subfield code="y">LIB</subfield>
  </datafield>
  <datafield tag="952" ind1=" " ind2=" ">
    <subfield code="1">0</subfield>
    <subfield code="2">lcc</subfield>
    <subfield code="4">0</subfield>
    <subfield code="7">0</subfield>
    <subfield code="a">INV-033</subfield>
    <subfield code="b">INV-033</subfield>
    <subfield code="c">GENERAL</subfield>
    <subfield code="d">2019-11-21</subfield>
    <subfield code="k">CSA</subfield>
    <subfield code="o">DP12 H57 r2011 V.2</subfield>
    <subfield code="p">IIH000029514</subfield>
    <subfield code="r">2019-11-21 00:00:00</subfield>
    <subfield code="t">C:1</subfield>
    <subfield code="v">1.00</subfield>
    <subfield code="y">LIB</subfield>
  </datafield>
  <datafield tag="952" ind1=" " ind2=" ">
    <subfield code="1">0</subfield>
    <subfield code="2">lcc</subfield>
    <subfield code="4">0</subfield>
    <subfield code="7">0</subfield>
    <subfield code="a">INV-033</subfield>
    <subfield code="b">INV-033</subfield>
    <subfield code="c">GENERAL</subfield>
    <subfield code="d">2019-11-21</subfield>
    <subfield code="k">CSA</subfield>
    <subfield code="o">DP12 H57 2007 V.3</subfield>
    <subfield code="p">IIH000029515</subfield>
    <subfield code="r">2019-11-21 00:00:00</subfield>
    <subfield code="t">C:1</subfield>
    <subfield code="v">1.00</subfield>
    <subfield code="y">LIB</subfield>
  </datafield>
  <datafield tag="952" ind1=" " ind2=" ">
    <subfield code="1">0</subfield>
    <subfield code="2">lcc</subfield>
    <subfield code="4">0</subfield>
    <subfield code="7">0</subfield>
    <subfield code="a">INV-033</subfield>
    <subfield code="b">INV-033</subfield>
    <subfield code="c">GENERAL</subfield>
    <subfield code="d">2019-11-21</subfield>
    <subfield code="k">CSA</subfield>
    <subfield code="o">DP12 H57 2009 V.4</subfield>
    <subfield code="p">IIH000029516</subfield>
    <subfield code="r">2019-11-21 00:00:00</subfield>
    <subfield code="t">C:1</subfield>
    <subfield code="v">1.00</subfield>
    <subfield code="y">LIB</subfield>
  </datafield>
  <datafield tag="952" ind1=" " ind2=" ">
    <subfield code="1">0</subfield>
    <subfield code="2">lcc</subfield>
    <subfield code="4">0</subfield>
    <subfield code="7">0</subfield>
    <subfield code="a">INV-033</subfield>
    <subfield code="b">INV-033</subfield>
    <subfield code="c">GENERAL</subfield>
    <subfield code="d">2019-11-21</subfield>
    <subfield code="k">CSA</subfield>
    <subfield code="o">DP12 H57 2008 V.5</subfield>
    <subfield code="p">IIH000029517</subfield>
    <subfield code="r">2019-11-21 00:00:00</subfield>
    <subfield code="t">C:1</subfield>
    <subfield code="v">1.00</subfield>
    <subfield code="y">LIB</subfield>
  </datafield>
  <datafield tag="952" ind1=" " ind2=" ">
    <subfield code="1">0</subfield>
    <subfield code="2">lcc</subfield>
    <subfield code="4">0</subfield>
    <subfield code="7">0</subfield>
    <subfield code="a">INV-033</subfield>
    <subfield code="b">INV-033</subfield>
    <subfield code="c">GENERAL</subfield>
    <subfield code="d">2019-11-21</subfield>
    <subfield code="k">CSA</subfield>
    <subfield code="o">DP12 H57 r2007 V.6</subfield>
    <subfield code="p">IIH000029518</subfield>
    <subfield code="r">2019-11-21 00:00:00</subfield>
    <subfield code="t">C:1</subfield>
    <subfield code="v">1.00</subfield>
    <subfield code="y">LIB</subfield>
  </datafield>
  <datafield tag="952" ind1=" " ind2=" ">
    <subfield code="1">0</subfield>
    <subfield code="2">lcc</subfield>
    <subfield code="4">0</subfield>
    <subfield code="7">0</subfield>
    <subfield code="a">INV-033</subfield>
    <subfield code="b">INV-033</subfield>
    <subfield code="c">GENERAL</subfield>
    <subfield code="d">2019-11-21</subfield>
    <subfield code="k">CSA</subfield>
    <subfield code="o">DP12 H57 2009 V.7</subfield>
    <subfield code="p">IIH000029519</subfield>
    <subfield code="r">2019-11-21 00:00:00</subfield>
    <subfield code="t">C:1</subfield>
    <subfield code="v">1.00</subfield>
    <subfield code="y">LIB</subfield>
  </datafield>
  <datafield tag="952" ind1=" " ind2=" ">
    <subfield code="1">0</subfield>
    <subfield code="2">lcc</subfield>
    <subfield code="4">0</subfield>
    <subfield code="7">0</subfield>
    <subfield code="a">INV-033</subfield>
    <subfield code="b">INV-033</subfield>
    <subfield code="c">GENERAL</subfield>
    <subfield code="d">2019-11-21</subfield>
    <subfield code="k">CSA</subfield>
    <subfield code="o">DP12 H57 r2009 V.8</subfield>
    <subfield code="p">IIH000029520</subfield>
    <subfield code="r">2019-11-21 00:00:00</subfield>
    <subfield code="t">C:1</subfield>
    <subfield code="v">1.00</subfield>
    <subfield code="y">LIB</subfield>
  </datafield>
  <datafield tag="952" ind1=" " ind2=" ">
    <subfield code="1">0</subfield>
    <subfield code="2">lcc</subfield>
    <subfield code="4">0</subfield>
    <subfield code="7">0</subfield>
    <subfield code="a">INV-033</subfield>
    <subfield code="b">INV-033</subfield>
    <subfield code="c">GENERAL</subfield>
    <subfield code="d">2019-11-21</subfield>
    <subfield code="k">CSA</subfield>
    <subfield code="o">DP12 H57 r2013 V.9</subfield>
    <subfield code="p">IIH000029521</subfield>
    <subfield code="r">2019-11-21 00:00:00</subfield>
    <subfield code="t">C:1</subfield>
    <subfield code="v">1.00</subfield>
    <subfield code="y">LIB</subfield>
  </datafield>
  <datafield tag="952" ind1=" " ind2=" ">
    <subfield code="1">0</subfield>
    <subfield code="2">lcc</subfield>
    <subfield code="4">0</subfield>
    <subfield code="7">0</subfield>
    <subfield code="a">INV-033</subfield>
    <subfield code="b">INV-033</subfield>
    <subfield code="c">GENERAL</subfield>
    <subfield code="d">2019-11-21</subfield>
    <subfield code="k">CSA</subfield>
    <subfield code="o">DP12 H57 r2013 V.11</subfield>
    <subfield code="p">IIH000029522</subfield>
    <subfield code="r">2019-11-21 00:00:00</subfield>
    <subfield code="t">C:1</subfield>
    <subfield code="v">1.00</subfield>
    <subfield code="y">LIB</subfield>
  </datafield>
  <datafield tag="952" ind1=" " ind2=" ">
    <subfield code="1">0</subfield>
    <subfield code="2">lcc</subfield>
    <subfield code="4">0</subfield>
    <subfield code="7">0</subfield>
    <subfield code="a">INV-033</subfield>
    <subfield code="b">INV-033</subfield>
    <subfield code="c">GENERAL</subfield>
    <subfield code="d">2019-11-21</subfield>
    <subfield code="k">CSA</subfield>
    <subfield code="o">DP12 H57 r2014 V.12</subfield>
    <subfield code="p">IIH000029523</subfield>
    <subfield code="r">2019-11-21 00:00:00</subfield>
    <subfield code="t">C:1</subfield>
    <subfield code="v">1.00</subfield>
    <subfield code="y">LIB</subfield>
  </datafield>
</record>
